Smart tarannum 2 [ Modul pertama siri 2
| Main Author: | |
|---|---|
| Format: | Book |
| Published: |
Shah Alam :
Nasyeed Edutainment Publishing Sdn. Bhd. ,
2010
|
| Subjects: |
MARC
| LEADER | 00000cam a2200000 7i4500 | ||
|---|---|---|---|
| 001 | 0000155125 | ||
| 005 | 20110824.0 | ||
| 090 | 0 | 0 | |a 297.12229 |b MOH |
| 100 | 0 | |a Mohd. Afandi Hussain |f Ustaz | |
| 245 | 1 | 0 | |a Smart tarannum 2 [ |h cd audio] : |b Modul pertama siri 2 |c Ustaz Mohd. Afandi Hussain |
| 260 | |a Shah Alam : |b Nasyeed Edutainment Publishing Sdn. Bhd. , |c 2010 | ||
| 300 | |a 1 CD audio (60 minutes) | ||
| 500 | |a Library has 1 copy | ||
| 650 | 0 | 0 | |a Quran |x Recitation |x AV collection |
| 999 | |a AV 26744 |b CD AUDIO |c PINJAMAN |e PERPUSTAKAAN KOMUNITI PETALING JAYA | ||